Statistics for Nominations oscar best picture 2010-2014

Click here to take the quiz!

General Stats

  • This quiz has been taken 501 times
  • The average score is 27 of 45

Answer Stats

YearActor / DirectorAnswer% Correct
2010Natalie PortmanBlack Swan
96%
2010Colin FirthThe King's Speech
96%
2012Ben AffleckArgo
90%
2012Daniel Day-LewisLincoln
83%
2013Matthew McConaugheyDallas Buyers Club
82%
2012Quentin TarantinoDjango Unchained
81%
2012Bradley CooperSilver Linings Playbook
81%
2013Alfonso CuarónGravity
80%
2010Christopher NolanInception
78%
2013Steve McQueen12 Years a Slave
77%
2014Alejandro González IñárrituBirdman
75%
2014Eddie RedmayneThe Theory of Everything
75%
2013Leonardo Di CaprioThe Wolf of Wall Street
75%
2010James Franco127 Hours
73%
2014J.K. SimmonsWhiplash
73%
2011Michel HazanaviciusThe Artist
71%
2012Hugh JackmanLes Misérables
70%
2011Octavia SpencerThe Help
68%
2014Wes AndersonThe Grand Budapest Hotel
67%
2013Christian BaleAmerican Hustle
66%
2014Ethan HawkeBoyhood
65%
2012Ang LeeLife of Pi
63%
2013Joaquin PhoenixHer
59%
2014Clint EastwoodAmerican Sniper
58%
2012Kathryn BigelowZero Dark Thirty
56%
2011Woody AllenMidnight in Paris
54%
2014Keira KnightleyThe Imitation Game
54%
2010David O. RussellThe Fighter
52%
2010David FincherThe Social Network
52%
2011Martin ScorseseHugo
51%
2010Jennifer LawrenceWinter's Bone
51%
2011George ClooneyThe Descendants
49%
2011Brad PittMoneyball
48%
2011Terrence MalickThe Tree of Life
47%
2013Judi DenchPhilomena
46%
2010Joel Coen Ethan CoenTrue Grit
46%
2013Paul GreengrassCaptain Phillips
45%
2014Ava DuVernaySelma
43%
2013Alexander PayneNebraska
41%
2011Steven SpielbergWar Horse
40%
2012Michael HanekeAmour
38%
2010Annette BeningThe Kids Are All Right
38%
2010Tom HanksToy Story 3
34%
2012Benh ZeitlinBeasts of the Southern Wild
24%
2011Sandra BullockExtremely Loud and Incredibly Close
23%

Score Distribution

Percentile by Number Answered

Percent of People with Each Score

Your Score History

You have not taken this quiz